00454nam a22001451a 4500020001800000082001700018100003100035245006800066250000900134260008100143300001000224650003300234650002500267650001600292 a9788193036846 aM09bULL/K.2 aUlloor S Parameswara Iyer  aKerala sahithya charithram (v.2)/cby Ulloor S Parameswara Iyer a6th. aThiruvananthapuram:bDepartment of Publication, University of Kerala,c2015. a979p. aLiterature Malayalam History aLiterature Malayalam aLiterature